<?xml version="1.0" encoding="UTF-8"?>
<collection xmlns="http://www.loc.gov/MARC21/slim">
 <record>
  <leader>00653nam a22002171a 4500</leader>
  <controlfield tag="001">000034211</controlfield>
  <controlfield tag="003">10403</controlfield>
  <controlfield tag="005">20220517152142.0</controlfield>
  <controlfield tag="008">151027s2011                  000   vie</controlfield>
  <datafield tag="082" ind1=" " ind2=" ">
   <subfield code="a">495.92306</subfield>
   <subfield code="b">HƯ-Đ</subfield>
  </datafield>
  <datafield tag="100" ind1=" " ind2=" ">
   <subfield code="a">HỮU ĐẠT</subfield>
  </datafield>
  <datafield tag="245" ind1=" " ind2="0">
   <subfield code="a">PHONG CÁCH HỌC TIẾNG VIỆT HIỆN ĐẠI /</subfield>
   <subfield code="c">HỮU ĐẠT.</subfield>
  </datafield>
  <datafield tag="260" ind1=" " ind2=" ">
   <subfield code="a">HANOI,</subfield>
   <subfield code="c">2011.</subfield>
  </datafield>
  <datafield tag="300" ind1=" " ind2=" ">
   <subfield code="a">435tr. : ill ; 30cm.</subfield>
  </datafield>
  <datafield tag="650" ind1=" " ind2=" ">
   <subfield code="a">PHONG CÁCH HỌC TIẾNG VIỆT HIỆN ĐẠI, TIẾNG VIỆT,TIẾNG VIỆT HIỆN ĐẠI</subfield>
  </datafield>
  <datafield tag="OWN" ind1=" " ind2=" ">
   <subfield code="a">LNN</subfield>
  </datafield>
  <datafield tag="999" ind1=" " ind2=" ">
   <subfield code="a">From the UDN01</subfield>
  </datafield>
  <datafield tag="TYP" ind1=" " ind2=" ">
   <subfield code="a">Monograph</subfield>
  </datafield>
  <datafield tag="980" ind1=" " ind2=" ">
   <subfield code="a">Mạng thư viện Đại học Đà Nẵng</subfield>
  </datafield>
 </record>
</collection>
